000 01127cam a22002054a 4500
005 20250605163922.0
008 250528s ||||||||||||||||||||||||d
035 _a14432
020 _a335206670
040 _aGR-AtMCL
_bgre
_dGR-AtMCL
_eAACR2
245 1 _aInterviewing / A Practical Guide for Students and Professionals
250 _a1st
260 _bOpen University Press,
_c2000
300 _a162
520 _aPractical ideas and information about such issues as building rapport and interpreting both verbal and non-verbal responses. Preface, Interviewing: When and Why, The Many Types of Interview, The Interviewer - Respondent Relationship, Constructing the Questions, The Structure of the Interview, Interpreting the Responses, Interviewing in Research, Interviewing in Organizational Settings, Interviewing Children, Interviewing Adolescents, Interviewing the Aged, Interviewing People with Disabilities, Interviewing Across Culture, Some Difficult Cases, Interviewing in Situations of Stress, Overview, References, Index.
700 1 _aKeats Daphne M
_989
942 _cBK
999 _c65
_d65